00506nmm a2200157Ia 4500008004100000020001800041041000800059100002000067245005100087264008800138300001600226650003000242856005200272942000700324999001700331251105s9999||||xx |||||||||||||||||und|| a9788412614381 aspa aReinoso, Juanjo 0aTel·lúric. Arcanos de Akashia I. Aserción a[Madrid, España] :bEdiciones Arcanas, c[Fecha de publicación no identificada] a0 páginas aScience fiction & Fantasy uhttps://public.digitaliapublishing.com/a/135257 cCF c76279d76279